<?xml version="1.0" encoding="UTF-8"?>
<record
    xmlns:xsi="http://www.w3.org/2001/XMLSchema-instance"
    xsi:schemaLocation="http://www.loc.gov/MARC21/slim http://www.loc.gov/standards/marcxml/schema/MARC21slim.xsd"
    xmlns="http://www.loc.gov/MARC21/slim">

  <leader>01209nam a2200229Ia 4500</leader>
  <datafield tag="952" ind1=" " ind2=" ">
    <subfield code="0">0</subfield>
    <subfield code="1">0</subfield>
    <subfield code="4">0</subfield>
    <subfield code="7">0</subfield>
    <subfield code="a">11</subfield>
    <subfield code="b">11</subfield>
    <subfield code="d">2008-04-03</subfield>
    <subfield code="l">5</subfield>
    <subfield code="o">LB2808 K383 1990</subfield>
    <subfield code="p">11 006967</subfield>
    <subfield code="r">2018-01-12</subfield>
    <subfield code="s">2018-01-12</subfield>
    <subfield code="t">1</subfield>
    <subfield code="w">2012-06-26</subfield>
    <subfield code="y">LB</subfield>
  </datafield>
  <datafield tag="952" ind1=" " ind2=" ">
    <subfield code="0">0</subfield>
    <subfield code="1">0</subfield>
    <subfield code="4">0</subfield>
    <subfield code="7">0</subfield>
    <subfield code="a">11</subfield>
    <subfield code="b">11</subfield>
    <subfield code="d">2008-04-03</subfield>
    <subfield code="l">3</subfield>
    <subfield code="o">LB2808 K383 1990</subfield>
    <subfield code="p">11 006968</subfield>
    <subfield code="r">2017-12-07</subfield>
    <subfield code="s">2017-12-07</subfield>
    <subfield code="t">2</subfield>
    <subfield code="w">2012-06-26</subfield>
    <subfield code="y">LB</subfield>
  </datafield>
  <datafield tag="952" ind1=" " ind2=" ">
    <subfield code="0">0</subfield>
    <subfield code="1">0</subfield>
    <subfield code="4">0</subfield>
    <subfield code="7">0</subfield>
    <subfield code="a">11</subfield>
    <subfield code="b">11</subfield>
    <subfield code="d">2011-05-31</subfield>
    <subfield code="l">4</subfield>
    <subfield code="o">LB2808 K383 1990</subfield>
    <subfield code="p">11 009220</subfield>
    <subfield code="r">2017-12-06</subfield>
    <subfield code="s">2017-12-06</subfield>
    <subfield code="t">3</subfield>
    <subfield code="w">2012-06-26</subfield>
    <subfield code="y">LB</subfield>
  </datafield>
  <datafield tag="952" ind1=" " ind2=" ">
    <subfield code="0">0</subfield>
    <subfield code="1">0</subfield>
    <subfield code="4">0</subfield>
    <subfield code="7">0</subfield>
    <subfield code="a">11</subfield>
    <subfield code="b">11</subfield>
    <subfield code="d">2011-05-31</subfield>
    <subfield code="l">2</subfield>
    <subfield code="o">LB2808 K383 1990</subfield>
    <subfield code="p">11 009221</subfield>
    <subfield code="r">2017-12-07</subfield>
    <subfield code="s">2017-12-07</subfield>
    <subfield code="t">4</subfield>
    <subfield code="w">2012-06-26</subfield>
    <subfield code="y">LB</subfield>
  </datafield>
  <datafield tag="952" ind1=" " ind2=" ">
    <subfield code="0">0</subfield>
    <subfield code="1">0</subfield>
    <subfield code="4">0</subfield>
    <subfield code="7">0</subfield>
    <subfield code="a">22</subfield>
    <subfield code="b">22</subfield>
    <subfield code="d">2011-05-31</subfield>
    <subfield code="l">4</subfield>
    <subfield code="o">LB2808 K383 1990</subfield>
    <subfield code="p">11 009222</subfield>
    <subfield code="r">2019-05-28</subfield>
    <subfield code="s">2019-05-28</subfield>
    <subfield code="t">5</subfield>
    <subfield code="w">2012-06-26</subfield>
    <subfield code="y">LB</subfield>
  </datafield>
  <datafield tag="999" ind1=" " ind2=" ">
    <subfield code="c">71792</subfield>
    <subfield code="d">71792</subfield>
  </datafield>
  <controlfield tag="008">120626s1990    mx a          000 0 spa d</controlfield>
  <datafield tag="020" ind1=" " ind2=" ">
    <subfield code="a">9682436958</subfield>
  </datafield>
  <datafield tag="050" ind1=" " ind2=" ">
    <subfield code="a">LB2808 </subfield>
    <subfield code="b">K383 1990</subfield>
  </datafield>
  <datafield tag="100" ind1=" " ind2=" ">
    <subfield code="a">Kaufman, Roger A.</subfield>
    <subfield code="e">autor</subfield>
  </datafield>
  <datafield tag="240" ind1=" " ind2=" ">
    <subfield code="a">Educational systems planning</subfield>
    <subfield code="l">espa&#xF1;ol</subfield>
  </datafield>
  <datafield tag="245" ind1=" " ind2=" ">
    <subfield code="a">Planificaci&#xF3;n de sistemas educativos </subfield>
    <subfield code="b">: Ideas b&#xE1;sicas concretas </subfield>
    <subfield code="c">/ Roger A., Kaufman; traducci&#xF3;n de Agust&#xED;n, Contin</subfield>
  </datafield>
  <datafield tag="250" ind1=" " ind2=" ">
    <subfield code="a">2a. edici&#xF3;n</subfield>
  </datafield>
  <datafield tag="260" ind1=" " ind2=" ">
    <subfield code="a">M&#xE9;xico</subfield>
    <subfield code="b">: Trillas</subfield>
    <subfield code="c">, 1990</subfield>
  </datafield>
  <datafield tag="300" ind1=" " ind2=" ">
    <subfield code="a">189 p&#xE1;ginas</subfield>
  </datafield>
  <datafield tag="500" ind1=" " ind2=" ">
    <subfield code="a">T&#xED;tulo original : Educational systems planning</subfield>
  </datafield>
  <datafield tag="500" ind1=" " ind2=" ">
    <subfield code="a">reimpresi&#xF3;n 2007</subfield>
  </datafield>
  <datafield tag="500" ind1=" " ind2=" ">
    <subfield code="a">Incluye: Indice general, Bibliograf&#xED;a, Indice alfab&#xE9;tico</subfield>
  </datafield>
  <datafield tag="505" ind1=" " ind2=" ">
    <subfield code="a">1. Planificaci&#xF3;n. Introducci&#xF3;n  
2. La educaci&#xF3;n como un proceso administrativo. Introducci&#xF3;n a un enfoque sistem&#xE1;tico de la educaci&#xF3;n  
3. Determinaci&#xF3;n de las necesidades educativas  
4. An&#xE1;lisis de misiones  
5. An&#xE1;lisis de funciones  
6. An&#xE1;lisis de tareas  
7. An&#xE1;lisis de m&#xE9;todos y medios  
8. C&#xF3;mo realizar lo planificado  
9. C&#xF3;mo planificar lo que se hace  </subfield>
  </datafield>
  <datafield tag="519" ind1=" " ind2=" ">
    <subfield code="a">Material Complementario/  </subfield>
    <subfield code="b">Pedagog&#xED;a / </subfield>
    <subfield code="d">(11 009220)  
</subfield>
  </datafield>
  <datafield tag="650" ind1=" " ind2="0">
    <subfield code="a">PLANIFICACI&#xD3;N EDUCATIVA</subfield>
  </datafield>
  <datafield tag="942" ind1=" " ind2=" ">
    <subfield code="c">LB</subfield>
  </datafield>
</record>
